000 00674nam a2200193 a 4500
001 000039714
005 20201002033708.0
008 130717s1996 mx 000 0 spa d
020 _a0691023050
040 _aDO-SdBNP
_bspa
_cBNPHU
082 _axxx
100 1 _aGlennon, Michael J.
_965908
240 1 0 _aConstitutional diplomacy
_lespañol
245 1 0 _aDiplomacia constitucional /
_cMichael J. Glennon ; prólogo J. William Fulbright ; traducción Francisco J. de Andrea.
260 _aMéxico :
_bFondo de Cultura Económica,
_c1996.
300 _a449 p. ;
_c23 cm.
700 1 _aWilliam Fulbright, J.,
_epról.
_965909
700 1 _aAndrea, Francisco J. de,
_etr.
_965910
999 _c39204
_d39204